[Event "11th Open"]
[Site "Kavala GRE"]
[Date "2002.08.16"]
[Round "8"]
[White "Markidis,K"]
[Black "Andreou,A"]
[Result "1-0"]
[WhiteElo "2362"]
[BlackElo "2217"]

1.e4 c5 2.Nf3 d6 3.Bb5+ Nd7 4.c3 Nf6 5.Qe2 a6 6.Ba4 e6 7.O-O Be7 8.d4 b5
9.Bc2 Bb7 10.Nbd2 cxd4 11.cxd4 e5 12.d5 O-O 13.Rd1 Nc5 14.b4 Na4 15.Bxa4 bxa4
16.Nc4 Nd7 17.Na5 Qb8 18.Be3 Bd8 19.Nc6 Bxc6 20.dxc6 Nf6 21.Qc4 h6 22.Rac1 Ne8
23.a3 Kh7 24.Qc2  1-0

[Event "ch-EST"]
[Site "Kilingi-Nomme EST"]
[Date "2002.08.16"]
[Round "7"]
[White "Kulaots,K"]
[Black "Kanep,M"]
[Result "1/2-1/2"]
[WhiteElo "2542"]
[BlackElo "2389"]

1.e4 c5 2.Nf3 d6 3.Bb5+ Nc6 4.O-O Bd7 5.Re1 Nf6 6.c3 a6 7.Bf1 Bg4 8.h3 Bxf3
9.Qxf3 g6 10.Qd1 Bh6 11.Na3 O-O 12.Nc2 b5 13.d4 Bxc1 14.Rxc1 e5 15.dxc5 dxc5
16.Qf3 Kg7 17.Ne3 Ne7 18.a4 c4  1/2-1/2

[Event "ADCF Masters"]
[Site "Abu Dhabi UAE"]
[Date "2002.08.19"]
[Round "8"]
[White "Nezad,H"]
[Black "Kaiumov,D"]
[Result "0-1"]
[WhiteElo "2246"]
[BlackElo "2460"]

1.e4 c5 2.Nf3 d6 3.Bb5+ Bd7 4.Bxd7+ Nxd7 5.O-O Ngf6 6.Qe2 Rc8 7.c4 g6 8.Nc3 Bg7
9.d4 cxd4 10.Nxd4 a6 11.Bd2 O-O 12.Rac1 e6 13.Rfd1 Re8 14.Bg5 Qa5 15.Nf3 Ne5
16.Bf4 Rc6 17.Nxe5 dxe5 18.Bd2 Qc7 19.Na4 Rd8 20.f3 Bf8 21.b4 b5 22.Nb2 bxc4
23.Rxc4 Qb6+ 24.Kf1 Nh5 25.Rxc6 Qxc6 26.Rc1 Qb7 27.Nc4 Qb5 28.a3 Nf4 29.Bxf4 exf4
30.Na5 Rd3 31.Nc4 Rb3 32.Qa2 Rd3 33.Qe2 Rd4 34.Kg1 a5 35.Qc2 axb4 36.axb4 Bxb4
37.Kh1 h5 38.Qb3 Qc5 39.Qc2 h4 40.h3 e5 41.Kh2 Kg7 42.Kh1 Qc7 43.Kh2 f6 44.Kh1 Kh6
45.Kh2 Kg5 46.Qb3 Qc5 47.Qc2 f5 48.exf5 gxf5 49.Qe2 Rd5 50.Ra1 Qd4 51.Ra4 Bc5
52.Qf1 Qc3 53.Ra1 Bf2 54.Rc1 Bg3+ 55.Kh1 Qd4 56.Qe2 Rc5 57.Qc2 Bf2 58.Qe2 Be3
59.Rd1 Qxc4 60.Qb2 Rd5  0-1

[Event "Saraybahce GP"]
[Site "Kocaeli TUR"]
[Date "2002.08.19"]
[Round "3"]
[White "Tofan,I"]
[Black "Vasilev,M"]
[Result "0-1"]
[WhiteElo "2219"]
[BlackElo "2449"]

1.e4 c5 2.Nf3 d6 3.Bb5+ Bd7 4.Bxd7+ Qxd7 5.O-O Nc6 6.c3 Nf6 7.Qe2 e6 8.d4 cxd4
9.cxd4 d5 10.e5 Ne4 11.Be3 Be7 12.Nbd2 Nxd2 13.Nxd2 O-O 14.f4 Rac8 15.Rf3 f5
16.Bf2 Na5 17.Nb3 Nxb3 18.Rxb3 Rc4 19.g4 Qc6 20.Rf1 Rc2 21.Qb5 Qxb5 22.Rxb5 b6
23.g5 Rfc8 24.Be1 R8c4 25.Bc3 Ra4 26.a3 Rc4 27.Rb3 Re2 28.Rf2 Re3 29.Rd2 Rf3
30.Rf2 Rd3 31.Kf1 Rcxd4 32.Ke2 Rh3 33.Bxd4 Rxb3 34.Kd2 Bc5 35.Bxc5 bxc5 36.Kc1 Kf7
37.Kb1 Kg6 38.Ka2 c4 39.Rc2 Kh5 40.Rf2 Kg4 41.a4 a5 42.Rf1 Rf3 43.g6 h6 44.Rg1+ Kxf4  0-1

[Event "Botvinnik Mem B"]
[Site "Elista RUS"]
[Date "2002.08.20"]
[Round "4"]
[White "Shabanov,Y"]
[Black "Litvinov,Vl"]
[Result "1/2-1/2"]
[WhiteElo "2445"]
[BlackElo "2390"]

1.e4 c5 2.Nf3 d6 3.Bb5+ Nd7 4.d4 Nf6 5.Nc3 a6 6.Bxd7+ Nxd7 7.O-O e6 8.Bg5 f6
9.Be3 Be7 10.a4 O-O 11.a5 cxd4 12.Nxd4 Ne5 13.b3 Nc6 14.Na4 Nxa5 15.Nxe6 Bxe6
16.Bb6 Qe8 17.Bxa5 f5 18.Nb6 Rb8 19.Qd3 Qc6 20.Nd5 Bf6 21.Rad1 fxe4 22.Nxf6+ Rxf6
23.Qxd6 Qxd6 24.Rxd6 Bg4 25.Rd4 Rc8 26.c4  1/2-1/2

[Event "Saraybahce GP"]
[Site "Kocaeli TUR"]
[Date "2002.08.20"]
[Round "4"]
[White "Can,E"]
[Black "Matnadze,A"]
[Result "1/2-1/2"]
[WhiteElo "2014"]
[BlackElo "2415"]

1.e4 c5 2.Nf3 d6 3.Bb5+ Nc6 4.O-O Bd7 5.Re1 Nf6 6.h3 a6 7.Bf1 g6 8.c3 Bg7
9.d4 cxd4 10.cxd4 e5 11.Nc3 O-O 12.Be3 b5 13.a3 Rc8 14.Rc1 h6 15.Qd2 Kh7
16.Red1 exd4 17.Nxd4 Na5 18.Bf4 Qb6 19.Kh1 Nc4 20.Bxc4 Rxc4 21.Be3 Qb7 22.f3 b4
23.Nce2 Rxc1 24.Rxc1 bxa3 25.bxa3 Re8 26.Bf4 d5 27.Rc7 Qb1+ 28.Rc1 Qb7 29.Rc7 Qb1+
30.Rc1 Qb6 31.Bc7 Qb7 32.e5 Ng8 33.f4 f6 34.Qe3 fxe5 35.fxe5 Nf6 36.Qf4 g5
37.Qf3 g4 38.hxg4 Bxg4 39.Qf4 Ne4 40.Kg1 Bxe2 41.Nxe2 Qa7+ 42.Kh2 Rf8 43.Qg4 Nf2
44.Qd4 Qxd4 45.Nxd4 Rc8 46.Rc6 Kg8 47.Kg1 Nd3 48.Bd6 Re8 49.Nf3 a5 50.Ra6 Nxe5
51.Nxe5 Bxe5 52.Bxe5 Rxe5 53.Rxa5 Kf7  1/2-1/2

[Event "XIV Open"]
[Site "Porto San Giorgio ITA"]
[Date "2002.08.20"]
[Round "1"]
[White "Glek,I"]
[Black "Baldazzi,S"]
[Result "1-0"]
[WhiteElo "2590"]
[BlackElo "2149"]

1.e4 c5 2.Nf3 d6 3.Bb5+ Nc6 4.O-O e5 5.c3 a6 6.Bxc6+ bxc6 7.d4 cxd4 8.cxd4 Qc7
9.Nc3 Be7 10.h3 Rb8 11.Qc2 Nf6 12.Bg5 Rb7 13.Rac1 Be6 14.dxe5 dxe5 15.Bxf6 gxf6
16.Nh4 Rb4 17.Nf5 Qb7 18.b3 Bxf5 19.exf5 c5 20.Rfe1 Rg8 21.Ne4 a5 22.g3 Kf8
23.Nxc5 Bxc5 24.Qxc5+ Kg7 25.Rxe5 fxe5 26.Qxe5+ Kf8 27.f6 Re4 28.Qc5+ Ke8
29.Qc8+ Qxc8 30.Rxc8+ Kd7 31.Rxg8 Re2 32.a4 Rb2 33.Rb8 Ke6 34.Rb6+ Kf5 35.Kg2 Kg6
36.h4 Rc2 37.g4 Rc3 38.f3 h5 39.g5  1-0

[Event "Saraybahce GP"]
[Site "Kocaeli TUR"]
[Date "2002.08.21"]
[Round "5"]
[White "Husnullin,R"]
[Black "Shengelia,D"]
[Result "0-1"]
[WhiteElo "2202"]
[BlackElo "2421"]

1.e4 c5 2.Nf3 d6 3.Bb5+ Nc6 4.O-O Bd7 5.c3 a6 6.Bxc6 Bxc6 7.Re1 Nf6 8.d4 Bxe4
9.Bg5 Bg6 10.d5 Qd7 11.Nbd2 O-O-O 12.Nc4 Kb8 13.b4 Qb5 14.Na3 Qd3 15.Qa4 Ne4
16.c4 Qc3 17.b5 Qb4 18.Qb3 Nxg5 19.Nxg5 h6 20.Nf3 Qxb3 21.axb3 Bf5 22.Ra2 e5
23.dxe6 Bxe6 24.bxa6 bxa6 25.Nb1 Kb7 26.Nc3 g5 27.Nd5 Bg7 28.Rae2 a5 29.h3 Rhe8
30.g4 Kc6 31.Kg2 Rd7 32.Rd1 Rb8 33.Rd3 Rdb7 34.Ree3 Ra8 35.Nd2 a4 36.bxa4 Bd4
37.Rf3 Rxa4 38.Ne3 Bxe3 39.fxe3 Rb2 40.Kg1 Raa2 41.Rf2 Rc2 42.Ne4 Rxf2 43.Nxf2 Bxc4
44.Rc3 Bd5 45.e4 Be6 46.Rf3 c4 47.Kf1 Kc5 48.Ke1 Kd4 49.Rf6 c3 50.Rxh6 Ra1+
51.Ke2 Ra2+ 52.Ke1 Rxf2  0-1

[Event "XIV Open"]
[Site "Porto San Giorgio ITA"]
[Date "2002.08.21"]
[Round "2"]
[White "Palac,M"]
[Black "Zufic,M"]
[Result "1/2-1/2"]
[WhiteElo "2564"]
[BlackElo "2349"]

1.e4 c5 2.Nf3 d6 3.Bb5+ Nc6 4.Bxc6+ bxc6 5.e5 Bg4 6.h3 Bh5 7.Nc3 Qc7 8.g4 Bg6
9.Qe2 d5 10.b3 e6 11.Ba3 Bxc2 12.d3 Bxd3 13.Qxd3 c4 14.Bd6 Qxd6 15.bxc4 Qa3
16.O-O Bb4 17.Rfc1 Ne7 18.Rab1 O-O 19.Nd4 Rab8 20.Rc2 Bxc3 21.Rxb8 Rxb8 22.Qxc3 Rb1+
23.Kg2 Qa6 24.Rb2 Rxb2 25.Qxb2 Qb6 26.Qa3 h6 27.cxd5 Nxd5 28.Qa4 Nf4+ 29.Kf3 Nxh3
30.Kg3 Ng5 31.Nxc6 Qb1 32.Kg2 a6 33.Ne7+ Kh7 34.Qc6 Qe4+ 35.Kf1 Qd3+ 36.Kg1 Nf3+
37.Kg2 Nh4+ 38.Kh2 Nf3+ 39.Kg2 Nh4+ 40.Kh2 Nf3+  1/2-1/2

[Event "ch-FRA"]
[Site "Val d'Isere FRA"]
[Date "2002.08.21"]
[Round "3"]
[White "Skripchenko,A"]
[Black "Degraeve,JM"]
[Result "1/2-1/2"]
[WhiteElo "2497"]
[BlackElo "2586"]

1.e4 c5 2.Nf3 d6 3.Bb5+ Nd7 4.O-O a6 5.Bxd7+ Bxd7 6.d4 cxd4 7.Nxd4 Nf6 8.Qe2 e6
9.Rd1 Be7 10.c4 O-O 11.Nc3 Rc8 12.Be3 Qa5 13.f3 Rfd8 14.Rac1 Be8 15.Rc2 Qb4
16.b3 b5 17.Bd2 Qc5 18.Be3 Qh5 19.cxb5 axb5 20.Rdc1 Rb8 21.g4 Qh3 22.Nd1 Qh4
23.Nf2 h6 24.f4 Nd7 25.Nc6 Nf8 26.Nxb8 Rxb8 27.Rc8 Rxc8 28.Rxc8 Bd7 29.Ra8 f5
30.a4 bxa4 31.bxa4 fxg4 32.Qxg4 Qf6 33.e5 dxe5 34.Ne4 Qf7 35.fxe5 Kh7 36.Ra7 Qe8
37.a5 Qb8 38.Nd6 Qb1+ 39.Kf2 Qb2+ 40.Ke1 Qa1+ 41.Kf2 Qb2+ 42.Kg1 Qa1+  1/2-1/2

[Event "Saraybahce GP"]
[Site "Kocaeli TUR"]
[Date "2002.08.23"]
[Round "7"]
[White "Bojkov,D"]
[Black "Esen,B"]
[Result "1/2-1/2"]
[WhiteElo "2448"]
[BlackElo "2189"]

1.e4 c5 2.Nf3 d6 3.Bb5+ Bd7 4.Bxd7+ Qxd7 5.c4 g6 6.O-O Bg7 7.d4 cxd4 8.Nxd4 Nc6
9.Be3 Nf6 10.f3 O-O 11.Nc3 Rfc8 12.b3 Qd8 13.Qd2 Nxd4 14.Bxd4 Nd7 15.Bxg7 Kxg7
16.f4 a6 17.f5 Nf6 18.Qd4 Qa5 19.Nd5 Qc5 20.Qxc5 Rxc5 21.Nxe7 Re5 22.Nd5 Nxd5
23.exd5 gxf5 24.Rae1 Rxe1 25.Rxe1 Kf6 26.Kf2 Rc8 27.Rc1 a5 28.Ke3 b6 29.a3 Rg8
30.Rc2 h5 31.Kf2 h4 32.Rd2 Ke5 33.Re2+ Kf6 34.Ke1 Rc8 35.Kd2 Rg8 36.Kc3 f4
37.Kd4 h3 38.gxh3 Kf5 39.Rf2  1/2-1/2

[Event "Atlantic Open"]
[Site "Washington DC USA"]
[Date "2002.08.23"]
[Round "1"]
[White "Shibut,M"]
[Black "Samuelson,A"]
[Result "1-0"]
[WhiteElo "2320"]
[BlackElo "2205"]

1.e4 c5 2.Nf3 d6 3.Bb5+ Nd7 4.d4 Nf6 5.Nc3 cxd4 6.Qxd4 e5 7.Qd3 h6 8.O-O Be7
9.Nd2 O-O 10.Bxd7 Bxd7 11.Nc4 Bc6 12.Rd1 b5 13.Ne3 b4 14.Ncd5 Nxd5 15.exd5 Bd7
16.a3 bxa3 17.Rxa3 f5 18.Nc4 f4 19.f3 Bf5 20.Qe2 g5 21.Na5 Qb6+ 22.Kh1 Bf6
23.Nc6 Rf7 24.c4 a5 25.b3 Rg7 26.Bd2 g4 27.Bxa5 Rxa5 28.Rxa5 gxf3 29.gxf3 Bh3
30.Ra8+ Kh7 31.Qc2+ Rg6 32.Ra7+ Bg7 33.c5 dxc5 34.Rg1  1-0

[Event "Ellivuori WGM"]
[Site "Vammala FIN"]
[Date "2002.08.24"]
[Round "1"]
[White "Koskela,N"]
[Black "Paasikangas,J"]
[Result "1-0"]
[WhiteElo "2260"]
[BlackElo "2276"]

1.e4 c5 2.Nf3 d6 3.Bb5+ Nd7 4.d4 Nf6 5.Nc3 cxd4 6.Qxd4 a6 7.Bxd7+ Bxd7 8.Bg5 h6
9.Bxf6 gxf6 10.Nd5 Rc8 11.c3 h5 12.a4 h4 13.O-O Bg4 14.Nd2 Rg8 15.f3 Bh3
16.Rf2 Bh6 17.f4 f5 18.Qe3 Bg4 19.h3 e6 20.hxg4 exd5 21.exf5+ Kd7 22.g5 Bf8
23.f6 Qe8 24.Qxe8+ Rxe8 25.Nf3 Rh8 26.Nd4 h3 27.g3 Re3 28.Kh2 Kc7 29.Rd1 b6
30.Re2 Rxe2+ 31.Nxe2 d4 32.Nxd4 d5 33.Nf5 d4 34.Ne7 dxc3 35.bxc3 a5 36.c4  1-0

[Event "WY ol"]
[Site "Kuala Lumpur MAS"]
[Date "2002.08.25"]
[Round "6"]
[White "Grecescu,G"]
[Black "Lappage,J"]
[Result "0-1"]
[WhiteElo "2233"]
[BlackElo "2189"]

1.e4 c5 2.Nf3 d6 3.Bb5+ Bd7 4.Bxd7+ Qxd7 5.c4 e5 6.Nc3 Nc6 7.Rb1 g6 8.a3 Bg7
9.O-O Nge7 10.d3 O-O 11.b4 b6 12.Nd5 f5 13.Qa4 Rae8 14.b5 Nd8 15.Nxe7+ Rxe7
16.Ne1 Ref7 17.Qd1 f4 18.a4 g5 19.Bd2 g4 20.f3 g3 21.h3 Rf6 22.Nc2 Ne6 23.Re1 Ng5
24.Kf1 Nxh3 25.Ke2 Nf2 26.Qc1 Rh6 27.Rg1 Rh2 28.Qf1 Rf6 29.Be1 Nh3 30.Rh1 Rxh1
31.Qxh1 Rh6 32.Qf1 Ng5 33.Kd1 Rh2 34.Bc3 h5 35.Ne1 h4 36.Rb2 Qe8 37.Re2 Qh5
38.a5 h3 39.gxh3 Nxh3 40.Kc2 Rf2 41.Rxf2 gxf2 42.Ng2 Qxf3 43.axb6 Bf6 44.Ba5 Bd8
45.Bd2 Kf7 46.Bc1 Kg6  0-1

[Event "XIV Open"]
[Site "Porto San Giorgio ITA"]
[Date "2002.08.26"]
[Round "7"]
[White "Glek,I"]
[Black "Roeder,M"]
[Result "1-0"]
[WhiteElo "2590"]
[BlackElo "2485"]

1.e4 c5 2.Nf3 d6 3.Bb5+ Bd7 4.Bxd7+ Qxd7 5.O-O Nc6 6.c3 Nf6 7.d4 Nxe4 8.d5 Ne5
9.Re1 Nxf3+ 10.Qxf3 Nf6 11.Na3 e5 12.dxe6 fxe6 13.Bg5 Be7 14.Rad1 O-O 15.Qh3 h6
16.Qxe6+ Qxe6 17.Rxe6 Rfe8 18.Bxf6 Bxf6 19.Rexd6 Re2 20.R6d2 Rxd2 21.Rxd2 a6
22.Nc4 b5 23.Nb6 Re8 24.Kf1 Bg5 25.Rd1 Kf7 26.g3 Rd8 27.Rxd8 Bxd8 28.Nd7 c4
29.Nb8 a5 30.Nc6 Bb6 31.a4 bxa4 32.Ne5+ Ke6 33.Nxc4 Bc7 34.Ke2 h5 35.h3 g6
36.Kd3 Kf5 37.Ne3+ Ke5 38.f4+ Kd6 39.Ke4 Kc5 40.g4 hxg4 41.hxg4 Kb5 42.g5 a3
43.bxa3 Ka4 44.f5 gxf5+ 45.Kxf5 Bd6 46.g6 Bf8 47.Ke6 Bg7 48.c4  1-0

[Event "ch-RUS"]
[Site "Krasnodar RUS"]
[Date "2002.08.31"]
[Round "5"]
[White "Alavkin,A"]
[Black "Loginov,Va"]
[Result "1-0"]
[WhiteElo "2498"]
[BlackElo "2526"]

1.e4 c5 2.Nf3 d6 3.Bb5+ Bd7 4.Bxd7+ Qxd7 5.c4 Nc6 6.Nc3 g6 7.d4 cxd4 8.Nxd4 Bg7
9.Be3 Nh6 10.f3 f5 11.Qd2 Nf7 12.exf5 gxf5 13.f4 Rc8 14.O-O O-O 15.b3 Nh8
16.Rad1 Ng6 17.Nf3 b6 18.Ne2 h6 19.Ng3 Kh7 20.Kh1 Rf7 21.Nh5 Bh8 22.Qf2 Rg8
23.Bc1 Nd8 24.Rfe1 Qc8 25.Rd5 Ne6 26.Qc2 Nc5 27.Ng3 e5 28.fxe5 dxe5 29.Qd2 Qf8
30.Rd8 Qg7 31.Rd6 Re8 32.Nh4 Nxh4 33.Rxh6+ Kg8 34.Rxh4 Qg6 35.Rh6 Qg4 36.Qd5 Bg7
37.Nh5 f4 38.Nxg7 Qxg7 39.Qc6 Qf8 40.Qg6+ Qg7 41.Qh5 Nd3 42.Rf1 Kf8 43.Ba3+ Nc5
44.Rh8+ Ke7 45.Bxc5+ bxc5 46.Rxe8+ Kxe8 47.Re1 Kf8 48.Qxe5 Qxe5 49.Rxe5 Rd7
50.h3 Kg7 51.Rxc5 Rd1+ 52.Kh2 Rd2 53.Rf5  1-0

[Event "Open"]
[Site "Rostock GER"]
[Date "2002.09.01"]
[Round "7"]
[White "Hornych,C"]
[Black "Gottschalk,J"]
[Result "1/2-1/2"]
[WhiteElo "2211"]
[BlackElo "2166"]

1.e4 c5 2.Nf3 d6 3.Bb5+ Bd7 4.Bxd7+ Qxd7 5.c4 e5 6.Nc3 g6 7.O-O Bg7 8.d3 Ne7
9.Bd2 Nbc6 10.Rb1 O-O 11.a3 f5 12.b4 b6 13.Ne1 Nd4 14.f3 Rfb8 15.Nc2 Nec6
16.b5 Ne7 17.Nxd4 exd4 18.Nd5 Nxd5 19.exd5 a6 20.a4 axb5 21.Rxb5 Qa7 22.a5 bxa5
23.Rxa5 Qd7 24.Rxa8 Rxa8 25.Qb3 Qa4 26.Qxa4 Rxa4 27.Bf4 Bf8 28.Rb1 Ra3 29.Rd1 Be7
30.g4 g5 31.Bg3 f4 32.Be1 Bd8 33.Kf1 Kf8 34.Ke2 Ke8 35.h3 Kd7 36.Rb1 Ra2+
37.Kd1 Kc8 38.Bd2 Ra7 39.Kc2 h5 40.Re1 hxg4 41.hxg4 Rh7 42.Kd1 Rh3 43.Rf1 Kb7
44.Ke2 Rh2+ 45.Rf2 Rh8 46.Rf1 Re8+ 47.Kf2 Bb6 48.Re1 Rxe1 49.Kxe1 Ka6 50.Kd1 Ba5
51.Bc1 Bd8 52.Kc2  1/2-1/2

[Event "VII Open"]
[Site "Cesenatico ITA"]
[Date "2002.09.02"]
[Round "1"]
[White "Pozzi,E"]
[Black "Holder,H"]
[Result "0-1"]
[WhiteElo "2232"]
[BlackElo "2018"]

1.e4 c5 2.Nf3 d6 3.Bb5+ Nd7 4.O-O Nf6 5.Re1 g6 6.d4 cxd4 7.Qxd4 Bg7 8.Nc3 O-O
9.a4 Ng4 10.Qd2 Nde5 11.Nxe5 Nxe5 12.Nd5 Be6 13.a5 Rc8 14.f4 Nc6 15.Kh1 Nd4
16.Bd3 Rc5 17.Ne3 Qd7 18.Qb4 Nc6 19.Qd2 Qc7 20.f5 gxf5 21.exf5 Bd7 22.f6 Bxf6
23.Nd5 Rxd5 24.Bxh7+ Kxh7 25.Qxd5 Ne5 26.Qe4+ Ng6 27.Ra3 Kg7 28.Bd2 Rh8 29.h3 Bxb2
30.Rg3 Bc6 31.Qe3 Be5 32.Qxa7 Qd7 33.Qe3 Qf5 34.Kg1 Rh4 35.Rf1 Qe6 36.Be1 Bd4  0-1

[Event "FSGM Sept"]
[Site "Budapest HUN"]
[Date "2002.09.08"]
[Round "2"]
[White "Breder,D"]
[Black "Aagaard,J"]
[Result "1/2-1/2"]
[WhiteElo "2438"]
[BlackElo "2359"]

1.e4 c5 2.Nf3 d6 3.Bb5+ Bd7 4.Bxd7+ Qxd7 5.O-O Nf6 6.e5 dxe5 7.Nxe5 Qc8 8.Qf3 e6
9.Nc3 Be7 10.d3 O-O 11.Bf4 Nfd7 12.Qg3 Nxe5 13.Bxe5 f6 14.Bxb8 Rxb8 15.Rae1 b5
16.Re2 Rb6 17.Rfe1 Qd7 18.Qf3 Re8 19.Re3 f5 20.g4 Bg5 21.R3e2 b4 22.Nd5 Rd6
23.Ne3 Bxe3 24.Rxe3 Rf8 25.Re5 Rd4 26.gxf5 Rxf5 27.Rxf5 exf5 28.Re5 c4 29.Rxf5 g6
30.Qa8+ Qd8 31.Qxd8+ Rxd8 32.Rf3 b3 33.axb3 cxb3 34.cxb3 Rd4 35.Re3 Kf7 36.Kf1 Rb4
37.Re2 Rxb3 38.Rd2 a5 39.Ke2 a4 40.Ke3 Ke6 41.Kd4 g5 42.Ke4 h6 43.f3 Rb4+
44.d4 Rb3 45.Rf2 Kd6 46.Rc2 Rb8 47.h3 Re8+ 48.Kd3 Rf8 49.Ke3 Re8+ 50.Kd3 Rf8
51.Ke3 Re8+ 52.Kf2 Rb8 53.Ke3  1/2-1/2

[Event "Poyntner Mem IM"]
[Site "St Poelten AUT"]
[Date "2002.09.08"]
[Round "2"]
[White "Neumeier,K"]
[Black "Groetz,H"]
[Result "1-0"]
[WhiteElo "2332"]
[BlackElo "2326"]

1.e4 c5 2.Nf3 d6 3.Bb5+ Bd7 4.Bxd7+ Qxd7 5.c4 Nc6 6.O-O g6 7.d4 cxd4 8.Nxd4 Bg7
9.Ne2 Nf6 10.Nbc3 O-O 11.f3 a6 12.a4 Qc7 13.Be3 e6 14.b3 Rfe8 15.Qd2 Nb4
16.Rac1 Bf8 17.Rfd1 Nc6 18.Nd5 exd5 19.cxd5 Nd7 20.b4 Nde5 21.b5 axb5 22.axb5 Qd7
23.dxc6 bxc6 24.bxc6 Nxc6 25.Nf4 Qb7 26.Nd5 Reb8 27.Bh6 f5 28.Bxf8 Kxf8 29.Qh6+ Ke8
30.exf5 Ne5  1-0

[Event "Poyntner Mem GM"]
[Site "St Poelten AUT"]
[Date "2002.09.08"]
[Round "4"]
[White "Lehner,O"]
[Black "Neubauer,M"]
[Result "1/2-1/2"]
[WhiteElo "2413"]
[BlackElo "2393"]

1.e4 c5 2.Nf3 d6 3.Bb5+ Bd7 4.Bxd7+ Nxd7 5.O-O Ngf6 6.Re1 e6 7.b3 Be7 8.Bb2 O-O
9.c4 a6 10.d4 cxd4 11.Nxd4 Qb6 12.Nc3 Rad8 13.Na4  1/2-1/2

[Event "TCh-CRO"]
[Site "Medulin CRO"]
[Date "2002.09.10"]
[Round "2"]
[White "Feletar,D"]
[Black "Cvitan,O"]
[Result "1/2-1/2"]
[WhiteElo "2420"]
[BlackElo "2574"]

1.e4 c5 2.Nf3 d6 3.Bb5+ Bd7 4.Bxd7+ Qxd7 5.c4 Nc6 6.Nc3 g6 7.d4 cxd4 8.Nxd4 Bg7
9.Nde2 Nf6 10.f3 O-O 11.O-O a6 12.a4 Rfc8 13.Bg5 Qd8 14.Kh1 Qa5 15.Bd2 Nd7
16.Rb1 Qd8 17.Bg5 Nb4  1/2-1/2

[Event "TCh-CRO"]
[Site "Medulin CRO"]
[Date "2002.09.10"]
[Round "2"]
[White "Zelcic,R"]
[Black "Ljubicic,F"]
[Result "1-0"]
[WhiteElo "2565"]
[BlackElo "2432"]

1.e4 c5 2.Nf3 d6 3.Bb5+ Nd7 4.d4 cxd4 5.Qxd4 Nf6 6.Nc3 a6 7.Bxd7+ Bxd7 8.Bg5 h6
9.Bxf6 gxf6 10.O-O-O Rg8 11.Nd5 Rc8 12.Qe3 Qa5 13.Nb6 Rc6 14.Nxd7 Kxd7 15.Nd4 Rc7
16.Kb1 e6 17.g3 Qc5 18.Rd2 h5 19.Rhd1 h4 20.Qf3 Qg5 21.gxh4 Qe5 22.h3 Rh8
23.Qe2 f5 24.exf5 Qxe2 25.Nxe2 Rxh4 26.fxe6+ fxe6 27.Rd3 Rc5 28.Rf3 Be7 29.Rg1 Re5
30.Nc1 Rf5 31.Rxf5 exf5 32.Rg3 Bf6 33.c3 Ke6 34.Kc2 Be5 35.Re3 f4 36.Rd3 Kf5
37.Nb3 Rh7 38.Kd2 Ke4 39.Ke2 Rg7 40.Nd4 Rg1 41.Nf3 Rb1  1-0

[Event "RUS vs. ROW"]
[Site "Moscow RUS"]
[Date "2002.09.10"]
[Round "8"]
[White "Zvjaginsev,V"]
[Black "Polgar,Ju"]
[Result "1/2-1/2"]
[WhiteElo "2673"]
[BlackElo "2681"]

1.e4 c5 2.Nf3 d6 3.Bb5+ Bd7 4.Bxd7+ Qxd7 5.O-O g6 6.c3 Bg7 7.d4 Nf6 8.Re1 O-O
9.dxc5 dxc5 10.Qe2 Qc6 11.Na3 a6 12.e5 Nd5 13.Qe4 Nd7 14.Nc4 Rad8 15.Na5 Qc7
16.Qxd5 Nxe5 17.Qxb7 Nxf3+ 18.Qxf3 Qxa5 19.Bg5 f6 20.Be3 e5 21.Qc6 Rc8 22.Qd5+ Kh8
23.b4 Rfd8 24.Qe6 cxb4 25.Bb6 Qd5 26.Qxd5 Rxd5 27.cxb4  1/2-1/2

[Event "TCh-CRO"]
[Site "Medulin CRO"]
[Date "2002.09.11"]
[Round "3"]
[White "Levacic,P"]
[Black "Berebora,F"]
[Result "0-1"]
[WhiteElo "2336"]
[BlackElo "2412"]

1.e4 c5 2.Nf3 d6 3.Bb5+ Nd7 4.d4 cxd4 5.Qxd4 a6 6.Bxd7+ Bxd7 7.Bg5 h6 8.Bh4 Nf6
9.Bxf6 gxf6 10.Nc3 Rc8 11.O-O Rg8 12.Rfe1 Qa5 13.b4 Qh5 14.Re3 Bg4 15.Ne1 Qe5
16.Qxe5 fxe5 17.b5 axb5 18.Nxb5 Bd7 19.Rb1 f5 20.exf5 Rg4 21.Na3 Bc6 22.c4 Rf4
23.Nd3 Rxf5 24.Nb4 e6 25.Nxc6 bxc6 26.Rb7 d5 27.g4 Rg5 28.h3 Ra8 29.cxd5 exd5
30.Rbb3 e4 31.Kg2 Bc5 32.Rg3 Kd7 33.h4 Rgg8 34.g5 hxg5 35.hxg5 Bxa3 36.Rxa3 Rxa3
37.Rxa3 Rxg5+ 38.Kf1 Kd6 39.Ra8 Rf5 40.Ke2 Rf3 41.a4 Ra3 42.a5 Kc5 43.Ra6 d4
44.Ra8 Ra2+ 45.Ke1 Kc4 46.a6 Kd3 47.Kf1 c5 48.Rc8 c4 49.Rc6 c3  0-1

[Event "RUS vs. ROW"]
[Site "Moscow RUS"]
[Date "2002.09.11"]
[Round "9"]
[White "Rublevsky,S"]
[Black "Smirin,I"]
[Result "1/2-1/2"]
[WhiteElo "2658"]
[BlackElo "2676"]

1.e4 c5 2.Nf3 d6 3.Bb5+ Nc6 4.Bxc6+ bxc6 5.O-O Bg4 6.c3 Nf6 7.d3 e5 8.h3 Bh5
9.Bg5 Be7 10.Nbd2 O-O 11.Re1 Rb8 12.Qc2 Nd7 13.Bxe7 Qxe7 14.d4 cxd4 15.cxd4 Bxf3
16.Nxf3 c5 17.dxe5 Nxe5 18.Nxe5 Qxe5 19.b3 Rb4 20.Rad1 Re8 21.f3 h6 22.Qf2 Rb6
23.Rd5 Qc3 24.Red1 Re6 25.R5d3 Qe5 26.Qd2 Rg6 27.Kh1 Qe7 28.Rd5 Re6 29.Rc1 Rb4
30.Rc3 Kh8 31.Rcd3 Rb6 32.Re3 Kg8 33.Qd3 Re5 34.Re2 Re6 35.f4 Qf6 36.Rf5 Qe7
37.Rd5 Qf6 38.Rf5 Qe7 39.Rd5 g6 40.e5  1/2-1/2

[Event "7th WUCC Women"]
[Site "Ulaanbaatar MON"]
[Date "2002.09.11"]
[Round "1"]
[White "Rybenko,K"]
[Black "Batceceg,T"]
[Result "0-1"]
[WhiteElo "2295"]
[BlackElo "2188"]

1.e4 c5 2.Nf3 d6 3.Bb5+ Nd7 4.d4 Nf6 5.Nc3 cxd4 6.Qxd4 e5 7.Qd3 h6 8.h3 Be7
9.Be3 a6 10.Bxd7+ Bxd7 11.a4 Be6 12.Nd2 Rc8 13.O-O O-O 14.Rfd1 Qc7 15.a5 Qc6
16.f3 Rfd8 17.Bb6 Rd7 18.Nf1 d5 19.exd5 Nxd5 20.Nxd5 Rxd5 21.Qe3 Rxd1 22.Rxd1 Qxc2
23.Rd2 Qf5 24.Ng3 Qb1+ 25.Kh2 Bg5 26.Qd3 Qxd3 27.Rxd3 Bf4 28.Be3 Rc2 29.Bxf4 exf4
30.Rd8+ Kh7 31.Ne4 Rxb2 32.Rb8 Bd5 33.Kg1 Bxe4  0-1

[Event "7th WUCC Women"]
[Site "Ulaanbaatar MON"]
[Date "2002.09.11"]
[Round "1"]
[White "Petrenko,S"]
[Black "Yu Ting"]
[Result "1-0"]
[WhiteElo "2349"]
[BlackElo "2220"]

1.e4 c5 2.Nf3 d6 3.Bb5+ Nd7 4.O-O Nf6 5.Re1 g6 6.c3 Bg7 7.d4 O-O 8.h3 a6
9.Bf1 e5 10.dxe5 Nxe5 11.Nbd2 Qc7 12.Qc2 b6 13.Nxe5 dxe5 14.c4 Rd8 15.Nb1 Be6
16.Nc3 Ne8 17.b3 Nd6 18.Be3 f5 19.f3 h6 20.Rad1 Nf7 21.Bd3 f4 22.Bf2 g5 23.Nd5 Bxd5
24.exd5 Nd6 25.Bh7+ Kh8 26.Bd3 Rac8 27.Bf5 Nxf5 28.Qxf5 Rf8 29.Qd3 Qd6 30.Re2 Rf6
31.Be1 Re8 32.Bc3 Rf7 33.Rde1 Rfe7 34.a3 a5 35.Re4 Bf6 36.Qd2 Kg7 37.Qb2 Kf7
38.Kf1 h5 39.Qe2 Kg6 40.Rb1 Qd7 41.b4 axb4 42.axb4 g4 43.fxg4 hxg4 44.Qxg4+ Qxg4
45.hxg4 Kg5 46.bxc5 bxc5 47.Rb5 Kxg4 48.Rxc5 Kf5 49.Re1 Rh7 50.d6 Rh1+ 51.Ke2 Rh2
52.Kf3 Rg8 53.Rexe5+ Bxe5 54.Rxe5+ Kg6 55.Re6+ Kf7 56.Re7+ Kf8 57.Bb4 Rg3+
58.Kxf4  1-0

[Event "FSGM Sept"]
[Site "Budapest HUN"]
[Date "2002.09.12"]
[Round "6"]
[White "Breder,D"]
[Black "Williams,Si"]
[Result "1/2-1/2"]
[WhiteElo "2438"]
[BlackElo "2421"]

1.e4 c5 2.Nf3 d6 3.Bb5+ Bd7 4.Bxd7+ Qxd7 5.O-O Nc6 6.c3 Nf6 7.d4 cxd4 8.cxd4 d5
9.e5 Ng8 10.Nc3 e6 11.Ne2 Nge7 12.Ng3 h5 13.Bg5 Ng6 14.Rc1 Be7 15.Bxe7 Qxe7
16.Qa4 h4 17.Ne2 O-O 18.Rc3 f6 19.Re3 Rac8 20.exf6 Qxf6 21.h3 Rc7 22.Qa3 Rd7  1/2-1/2

[Event "Poyntner Mem IM"]
[Site "St Poelten AUT"]
[Date "2002.09.12"]
[Round "6"]
[White "Neumeier,K"]
[Black "Miniboeck,G"]
[Result "1-0"]
[WhiteElo "2332"]
[BlackElo "2348"]

1.e4 c5 2.Nf3 d6 3.Bb5+ Bd7 4.Bxd7+ Qxd7 5.c4 Nc6 6.O-O Nf6 7.Nc3 g6 8.d4 cxd4
9.Nxd4 Bg7 10.Nde2 O-O 11.f3 a6 12.a4 e6 13.Bg5 Qc7 14.Kh1 Qa5 15.Bh4 Rfd8
16.b3 Qh5 17.Bf2 Qa5 18.Bh4 Qh5 19.Qe1 Nb4 20.Rd1 Nc2 21.g4 Nxe1 22.gxh5 Nc2
23.h6 Bh8 24.e5 dxe5 25.Rxd8+ Rxd8 26.Ne4 Nxe4 27.Bxd8 Nc5 28.Bb6 Nxb3 29.Rb1 Nbd4
30.Bxd4 exd4 31.Rxb7 Be5 32.f4 Bd6 33.Rd7 Bf8 34.Rd8 Ne3 35.c5 d3 36.Rxd3 Bxc5
37.Rc3  1-0

[Event "7th WUCC Women"]
[Site "Ulaanbaatar MON"]
[Date "2002.09.13"]
[Round "3"]
[White "Rybenko,K"]
[Black "Kradolfer,C"]
[Result "1-0"]
[WhiteElo "2295"]
[BlackElo "2069"]

1.e4 c5 2.Nf3 d6 3.Bb5+ Bd7 4.Bxd7+ Qxd7 5.c4 Nc6 6.Nc3 g6 7.d4 cxd4 8.Nxd4 Bg7
9.Be3 Nf6 10.f3 O-O 11.O-O Rac8 12.b3 b6 13.Qd2 Rfd8 14.Rad1 Qb7 15.Nd5 Nxd5
16.exd5 Nxd4 17.Bxd4 Bxd4+ 18.Qxd4 a6 19.f4 b5 20.f5 bxc4 21.fxg6 hxg6 22.Rf3 f6
23.bxc4 Qc7 24.Qe4 Kf7 25.Re1 Qd7 26.Rfe3 Re8 27.Qh4 Kg7 28.Kh1 Rc7 29.Rh3 Rg8
30.Qh6+ Kf7 31.Rhe3 Qd8 32.g4 Rh8 33.Qf4 g5 34.Qd4 Rh4 35.h3 Rh8 36.Kg2 Qc8
37.Re6 Qb7 38.Qe4 Qb2+ 39.Re2 Qb7 40.Rf2 Kg7 41.Qd4 Rb8 42.h4 gxh4 43.g5 Rg8
44.Rfxf6 exf6 45.Qxf6+ Kh7 46.Qh6+  1-0

[Event "CUPA TC IND"]
[Site "Ploiesti ROM"]
[Date "2002.09.14"]
[Round "1"]
[White "Bohiltea,F"]
[Black "Miron,L"]
[Result "1/2-1/2"]
[WhiteElo "2214"]
[BlackElo "2082"]

1.e4 c5 2.Nf3 d6 3.Bb5+ Bd7 4.Bxd7+ Qxd7 5.O-O Nc6 6.c3 g6 7.d4 cxd4 8.cxd4 d5
9.exd5 Nb4 10.Nc3 Nxd5 11.Ne5 Nxc3 12.bxc3 Qb5 13.a4 Qa6 14.Ba3 Bg7 15.Re1 Bf6
16.Qb3 Bxe5 17.Rxe5 Rd8 18.Rae1 Rd7 19.d5 Kd8 20.c4 Kc7 21.Bxe7 Nxe7 22.Rxe7 Rd8
23.c5 Qf6 24.d6+ Kc8 25.g3 Qd4 26.Qb5 Qc3 27.R1e3 Qa1+ 28.Kg2 a6 29.Qb6 Qxa4
30.Qa7 Qc6+ 31.Kg1 b5 32.Rxd7 Rxd7 33.Re8+ Rd8 34.Rxd8+ Kxd8 35.Qxf7 b4 36.Qf8+ Qe8
37.Qf6+ Kd7 38.Qg7+ Ke6 39.Qd4 a5 40.Qg4+ Kd5 41.d7 Qd8 42.f3 Kxc5 43.Qe6 b3
44.Qe8 b2 45.Qxd8 b1=Q+ 46.Kg2 Qc2+ 47.Kh3 Qf5+ 48.Kg2 Qc2+  1/2-1/2